00733nam a2200241 a 4500001001300000003000900013005001700022008004100039020002300080082001700103100001900120245005200139260004500191300000900236500003500245505002200280650002100302650002000323902000800343942000700351952011800358999001500476nice12345678IN_TiNIC20260116012240.0050524s1984 newa grp 000 0 eng  a0152068 c10000a808.042bLEG aLeggett, Glenn aPrentice-Hall Handbook for Writers, 9th Edition aNew YorkbHelen and Kurt Wolf Bookc1984 a558p aincludes index and biblioraphy2 aGlossaries, Index aEnglish-Rhetoric aEnglish-Grammar bSRS cBK 001040708StackRoom-aHMIbHMId2007-06-14g100.00l0o808.042 LEGp014705r2007-06-14v100.00w2005-05-24yBK c6235d6235